000 00480nam a22001937a 4500
003 MPLRDC
005 20220104185325.0
008 210129b ||||| |||| 00| 0 eng d
020 _a981-04-7963-8
082 _a859.6 DZWX v.1
100 _a编辑部 编
245 _a三十六计的智慧. 一
_c
250 _a再版
260 _a马来西亚
_b大众书局
_c2004
300 _b
490 _a大众文学家
650 _a儿童故事
942 _cBK
_o859.6 DZWX v.1
999 _c63274
_d63264